000 01227nam a2200289 a 4500
999 _c1734
_d1734
003 AR-BaISA
005 20250210150622.0
007 ta
008 250210r1958 ag ||||f |||| 00| 0 spa d
040 _bspa
_cAR-BaISA
082 0 4 _222
_a155.31 Al26
100 _93572
_aAlexander, Franz
_eaut.
245 0 0 _aNeurosis, sexualidad y psicoanálisis de hoy /
_cF. Alexander, A. A. Abril, A. Kardiner, B.D. Lewin, Ernst Simmel, Monroe A. Meyer
260 _aBuenos Aires:
_bPaidós,
_cImpresión de 1958
490 _aBiblioteca del Hombre Contemporáneo;
_v19
505 _tA. A. Brill / La sexualidad y su papel en las neurosis --
_tA. Kardiner / Histerias y fobias --
_tB. D. Lewin / Neurosis compulsivas --
_tF. Alexander / Desarrollo de la psicología del yo --
_tM. A. Meyer / Mecanismos e interpretación de los sueños
650 1 4 _92266
_aSexualidad
650 1 4 _9141
_aPsicoanálisis
650 1 4 _92289
_aTrastornos neuróticos
700 _93573
_aBrill, A. A.
_eaut.
700 _93574
_aKardiner, A.
_eaut.
700 _93575
_aLewin, B. D.
_eaut.
700 _93576
_aSimmel, Ernst
_eaut.
700 _93577
_aMeyer, Monroe A.
_eaut.
830 _92296
_aBiblioteca del hombre contemporáneo
942 _2ddc
_cLI
_e22